000 00483cam a22002054a 4500
005 20250605164324.0
008 250528s ||||||||||||||||||||||||d
035 _a22968
020 _a9780131229013
040 _aGR-AtMCL
_bgre
_dGR-AtMCL
_eAACR2
245 1 _aSTATISTICS FOR PSYCHOLOGY
250 _a3
260 _bPearson,
_c2002
300 _a710
700 1 _aAron Arthur
_97514
700 1 _aAron Elaine N.
_97515
942 _cBK
999 _c8010
_d8010